| 000 | 00680cam a2200217 a 4500 | ||
|---|---|---|---|
| 001 | 688555 | ||
| 005 | 20180212031818.0 | ||
| 008 | 960417s1997 nyu 001 0 eng | ||
| 010 | _a 96002758 | ||
| 020 | _a0673980685 (pbk.) | ||
| 040 |
_aDLC _cDLC _dDLC |
||
| 041 | _aeng | ||
| 080 | _a808.042 DAW | ||
| 082 | 0 | 0 |
_a808.042 DAW _220 |
| 100 | 1 | _a48 | |
| 101 | _aEDU | ||
| 245 | 1 | 0 |
_aOne to one : _cCharles W. Dawe, Edward A. Dornan. |
| 906 |
_a7 _bcbc _corignew _d1 _eocip _f19 _gy-gencatlg |
||
| 942 |
_2ddc _cBK |
||
| 999 |
_c42277 _d42277 |
||